| 000 | 00606nam a22001937a 4500 | ||
|---|---|---|---|
| 008 | 160318b xxu||||| |||| 00| 0 eng d | ||
| 020 | _a978-1-44620785-7 (pbk.) | ||
| 082 |
_2 2013 _aDC 364 _bM45c |
||
| 100 |
_93942 _aMcLaughlin, Eugene. |
||
| 245 |
_aCriminological perspective/ _cEugene McLaughkin and John Muncie. |
||
| 250 | _a3rd edition. | ||
| 260 |
_aLos Angeles: _bSage, _cc2013. |
||
| 300 |
_axix, 730 pages; _c23 cm. |
||
| 500 | _aIncludes bibliographical references and index. | ||
| 650 | 0 |
_93947 _aCriminology. |
|
| 650 | 0 |
_93948 _aCrime. |
|
| 700 |
_93944 _aMuncie, John. |
||
| 942 |
_2ddc _cDC |
||
| 999 |
_c1333 _d1333 |
||